000 01329cam a22003737a 4500
003 CHAP
005 20220817044012.0
008 050302s2003 it d r 00010 eng d
010 _a89735
011 _a90707
020 _a9250050593
035 _a101264
040 _cCHAP
082 1 0 _a639.2
_bF46 v.714
110 2 _aFAO. Comisión General de Pesca para el Mediterráneo
_939486
245 1 0 _aReport of the session of the scientific advisory committee (6o.)
_c/by FAO. Comisión General de Pesca para el Mediterráneo
260 _aRome :
_bFAO,
_c2003.
300 _a94 p.
490 0 _aFAO. Informe de pesca
_v; 714
500 _aEd. bilingüe : inglés, francés
590 _aBATCH-UPD
_b10
_c20130110
_lUCH01
_h1045
590 _aBATCH-UPD
_b10
_c20130410
_lUCH01
_h0643
590 _aBATCH-UPD
_b10
_c20130914
_lUCH01
_h1349
590 _aCONVERSION
_b10
_c20130109
_lUCH01
_h1350
650 1 4 _aPesca.
650 1 4 _aPesca
_xInvestigación.
_987391
650 1 4 _aPesca
_xRegión Mediterránea.
_987410
830 0 _aFAO. Informe de pesca
_v; 714
_939587
901 _aBK
905 _aAlejandra Carrasco M.
942 _cLIBRO
949 _a639.2 F46 v.714
_bBC
_cFAO
_d33724000795274
_eFAO1
_gDonaciØn
_h104976
_i101264
_sb
949 _a639.2 F46 v.714
_bBC
_cFAO
_d33724000795431
_eFAO2
_fc.2
_gDonaciØn
_h104977
_i101264
_sb
999 _c89735
_d89735